000 00668cam a22002411 4500
001 sa 68001193
003 DLC
005 20260227112431.0
008 710903s1966 pk ac 000 0 eng
010 _asa 68001193
025 _aPL480:P-E-1102
040 _aDLC
_cDLC
_dDLC
043 _aa-pk---
050 0 0 _aHC440.5.Z9
_bL37
110 2 _aPakistan Industrial Technical Assistance Centre.
245 1 0 _aPITAC marches on, 1962-1965.
260 _a[Karachi,
_c1966]
300 _a20 p.
_billus., ports.
_c21 cm.
500 _aCover title.
650 0 _aLabor productivity
_zPakistan.
650 0 _aEmployees
_xTraining of.
650 0 _aIndustrial engineering.
999 _c77785
_d77785